| 000 | 01331nam a22003137a 4500 | ||
|---|---|---|---|
| 005 | 20120521102552.0 | ||
| 008 | 120521t xxu||||| |||| 00| 0 eng d | ||
| 010 | _aENG-105362 | ||
| 020 |
_a9788124606339 _c500.00 |
||
| 020 |
_a8124606331 _c500.00 |
||
| 035 | _aEN-88895 | ||
| 037 | _bDBAD/PUB | ||
| 040 |
_aDPL _bEng |
||
| 082 | _a781.620954 | ||
| 100 |
_aSaxena, Sushil Kumar. _947159 |
||
| 245 |
_aThe winged form : _cby Sushil Kumar Saxena _baesthetical essays on Hindustani rhythm / |
||
| 250 | _a2nd rev. ed | ||
| 260 |
_aNew Delhi _bSangeet Natak Akademi & D.K. Printworld _c2012 |
||
| 270 |
_a'Srikunj', F-52, Bali Nagar, Ramesh Nagar Metro Station _bNew Delhi _e110015 |
||
| 300 |
_axii,199p. _c23cm(Hb) |
||
| 500 | _aIncludes bibliographical references and index | ||
| 520 | _aStudy on Balinese performance culture practised for the tourists in Ubud, Bali Island, Indonesia. | ||
| 650 |
_aMusic _z India _947522 _xHistory and criticism. |
||
| 650 |
_aHindustani music _xHistory and criticism. _91187 |
||
| 650 |
_aHindustani music _xPhilosophy and aesthetics. _947523 |
||
| 650 |
_aTala. _947524 |
||
| 942 |
_2ddc _cEN _mSAX _h781.620954 |
||
| 999 |
_c66930 _d66930 |
||